Celebrating 52nd anniversary : Sarawak trades & development.
| Corporate Author: | |
|---|---|
| Format: | Book |
| Published: |
Kuching:
Sarawak Chamber of Commerce & Industry,
[200-].
|
| Subjects: |
| LEADER | 00505cam a2200145 7i4500 | ||
|---|---|---|---|
| 001 | 0000014876 | ||
| 005 | 20041224090000.0 | ||
| 090 | 0 | 0 | |a M 338.7 |b SAR |
| 110 | 2 | 0 | |a Sarawak Chamber of Commerce & Industry |
| 245 | 2 | 0 | |a Celebrating 52nd anniversary : |b Sarawak trades & development. |
| 260 | 0 | 0 | |a Kuching: |b Sarawak Chamber of Commerce & Industry, |c [200-]. |
| 300 | # | # | |a 84 p. |
| 650 | 0 | 0 | |a Business -- |x Directories -- |z Sarawak, Malaysia |
| 651 | 0 | 0 | |a Malaysia |
| 999 | |a 0000016374 |b Book |c Malaysia |e Business Information Centre | ||